Vysokorýchlostné obrábanie so supertvrdým nástrojovým materiálom
Na minha lista:
| Autor principal: | |
|---|---|
| Outros Autores: | |
| Formato: | Manuscrito Livro |
| Idioma: | eslovaco |
| Publicado em: |
2023
|
| Assuntos: | |
| Acesso em linha: | http://is.stuba.sk/zp/portal_zp.pl?podrobnosti=166161 |
| Tags: |
Sem tags, seja o primeiro a adicionar uma tag!
|
MARC
| LEADER | 00000ntm a22000003a 4500 | ||
|---|---|---|---|
| 001 | stuzp92311 | ||
| 003 | SK-STU | ||
| 005 | 20230909212754.0 | ||
| 007 | ta | ||
| 008 | 150427s2015----xo-----f-mn---000-0-slo-d | ||
| 040 | |a STU |b slo | ||
| 041 | 0 | |a slo | |
| 100 | 1 | |a Blažko, Rastislav |u 063000 |4 aut |U MTF Materiálovotechnologická fakulta |T MTF Ústav výrobných technológií |X 44613 |U M3000 |Y 83 |7 44613 | |
| 242 | 0 | 1 | |a High speed machining by super hard cutting material |y eng |
| 245 | 1 | 0 | |a Vysokorýchlostné obrábanie so supertvrdým nástrojovým materiálom |
| 260 | |c 2023 | ||
| 650 | 4 | |a rezné sily |2 slo | |
| 650 | 4 | |a sústruženie |2 slo | |
| 650 | 4 | |a vysokorýchlostné obrábanie |2 slo | |
| 650 | 4 | |a vysokorýchlostné rezanie |2 slo | |
| 650 | 4 | |a high speed machining |2 eng | |
| 650 | 4 | |a high speed cutting |2 eng | |
| 650 | 4 | |a cutting forces |2 eng | |
| 650 | 4 | |a turning |2 eng | |
| 700 | 1 | |a Vopát, Tomáš |u 063200 |k Z2 |4 ths |U MTF Ústav výrobných technológií |T MTF Katedra obrábania a počítačovej podpory technológií |X 48548 |U M3200 |Y 164 |7 A000048548 | |
| 856 | 4 | |u http://is.stuba.sk/zp/portal_zp.pl?podrobnosti=166161 | |
| 996 | |c M* BP-9522 |l MMSKP |s P |a 0 |w stuzp92311_0001 | ||